000 00791cam a2200217 4500
001 WB3736-12
008 010926n2001 000 0 eng u
035 _a(Sirsi) u114846
245 _aUK property market on hold
260 _c2001
490 _aNegotiator
_v16(19) 21 September 2001, 3(1)
520 _aThe UK property market experienced a lull after the terrorist attacks in America, leaving estate agents to consider the consequences of a downturn in the economy should America go into recession in the aftermath of the attacks.
590 _aWB
650 _aPROPERTY MARKET
650 _aUNITED KINGDOM
650 _aUNITED STATES
650 _aTERRORIST ATTACKS
650 _aRECESSION
690 _aPROPERTY-COMMERCIAL PROPERTY-COMMERCIAL PROPERTY MARKET
942 _n0
999 _c68376
_d68376